000 01304 a2200217 4500
001 48610
005 20260407155750.0
008 260407a1973 arg spa d
003 AR-UNSa-BCEJYS
040 _aAR-UNSa-BCEJYS
_bspa
_cAR-UNSa-BCEJYS
080 _a004
_xCiencia y tecnología de los ordenadores. Informática
245 1 0 _aIntroduccón a las computadoras y proceso de datos
020 _a0-13-479493-1
264 1 _aBogotá :
_bPrentice/Hall Internacional
_c1973
300 _a349 p.
_c24 cm.
505 _a1. Breve historia de la computación y las computadoras - 2. Tarjetas perforadoras y máquinas de eléctricas de contabilidad - 3. Sistemas de configuración - 4. Lógica de las computadoras y álgebra booleana - 5. La computadora electrónica - 6. Almacenamientos y entrada/salida de datos - 7. Representación de datos: sistemas de codificación - 8. La unidad central de proceso - 9. Lenguajes y aplicaciones - 10. Diagramas de flujo - 11. Programación en el lenguaje "Ensamblador Sistema 360" - 12. Programación en lenguaje FORTRAM - 13. Programación en lenguaje COBOL - 14. Programación en lenguaje PL/1 - 15. Lenguaje RPG (Generador de Informes)
942 _cBK
590 _aniveau_biblio:m niveau_hierar:0
100 1 _aBenice, Daniel D.
700 1 _aDi Marco, Adolfo
999 _c4638
_d4638